| 000 | 01203nam a2200301 a 4500 | ||
|---|---|---|---|
| 001 | vtls001617123 | ||
| 003 | NLI | ||
| 005 | 20210628133958.0 | ||
| 008 | 121214s1937 ii 000 0 ben | ||
| 039 | 9 |
_y201212141917 _zVLOAD |
|
| 040 |
_aNLI _bbeneng _cDatasoft_Bengali_AC _eAACR2 |
||
| 041 | 0 | _aben | |
| 044 | _a ii | ||
| 082 | 0 | 4 | _a 370 |
| 100 | 1 |
_6880-01 _aবন্দ্যোপাধ্যায়, রাজেন্দ্রনাথ _9690801 |
|
| 245 | 1 | 0 |
_6880-02 _aস্ত্রী শিক্ষা বিধায়ক / _cরাজেন্দ্রনাথ বন্দ্যোপাধ্যায় |
| 260 |
_aকলকাতা : _bসজনীকান্ত দাস, _c1937 |
||
| 300 |
_a32 p. ; _c18 cm. |
||
| 650 | 0 |
_aWomen _xEducation _9690543 |
|
| 880 | 1 |
_6100-01(B _aBandyopādhyāy, Rājendranāth |
|
| 880 | 1 | 0 |
_6245-02(B _aStrī śikṣā bidhāyak / _cRājendranāth Bandyopādhyāy |
| 887 | _a Mousumi Sarkar 20.08.2010 (Sumit Kumar Das) | ||
| 901 |
_a3222 _b05.06.1980 |
||
| 902 | _aAC/B 370 B | ||
| 904 |
_cMousumi Sarkar 20.08.2010 (Sumit Kumar Das) _lB 1939 |
||
| 949 |
_AVIRTUAITEM _D10000 _X100 _6GAC000003222BEN |
||
| 942 |
_2ddc _cBKS |
||
| 999 |
_aVIRTUA40 _c1069608 _d1069608 |
||